000 00741nam a2200265Ia 4500
003 OSt
005 20220918184832.0
006 a|||||r|||| 00| 0
007 ta
008 220917b |||||||| |||| 00| 0 eng d
024 _a48,303
037 _cTextual
040 _aARTS
_cARTS
_beng
041 _2eng
_aeng
082 _aP:3, K9-;1 (PD)
100 _aAkhmanova Olga
_966797
245 0 _aTheory of syntax in modern linguistics
260 _aHague
_bMouton
_c1969
300 _a149p.
_ccm.
490 _aJanua linguarum : series minor; 68
650 _aLINGUISTICS
700 _a Mikael'an Galina
_966798
942 _hP:3, K9-;1 (PD)
_cTEXL
_2CC
999 _c177973
_d177973